| 000 | 00806nam a22001937a 4500 | ||
|---|---|---|---|
| 999 |
_c12890 _d12890 |
||
| 003 | AR-CdUCM | ||
| 008 | 190410b ||||| |||| 00| 0 spa d | ||
| 040 |
_aMUNICIPALIDAD PROVINCIAL DEL CUSCO _cBIBLIOTECA MUNICIPAL DEL CUSCO |
||
| 082 |
_a508.098 / _bV86 |
||
| 100 |
_aVon Hagen, Víctor Wolfgang _910306 |
||
| 245 |
_aGrandes naturalistas en América : _bSudamérica los llamaba exploraciones de la Condamine, Humboldt, Darwin, y Spruce / |
||
| 260 |
_aMéxico : _bGrijalbo, S.A., _c1957. |
||
| 300 |
_a478 páginas _c23 cm. |
||
| 505 | _aContenido :Jubilosas noticias del nuevo mundo -- La américa de Humboldt -- El nieto de Erasmo Darwin -- La gran selva madre -- La llamada de Sudamérica ... | ||
| 650 |
_aAmérica latina _94491 |
||
| 650 |
_aEspaña _9176 |
||
| 942 |
_2ddc _cLIBROS |
||
| 945 | _arum | ||